Datum a čas kvízu
19.5
Celkem bodů
Celkový počet nahraných bodů na tomto kvízu bez doplňovacích otázek.
6.
Pořadí na kvízu
Konečné umístění týmu na tomto kvízu.
Zaznamenané odpovědi
| # | Otázka | Odpověď | Body | Výsledky |
|---|---|---|---|---|
| 1. | Česká armáda bude mít od první... | 0 | ||
| 2. | Vévodkyně a vévoda z Cambridge... | 1 | ||
| 3. | V nové znělce, která bude slav... | 0 | ||
| 4. | Ekologickou anticenu Ropák rok... | 0 | ||
| 5. | Český judista Lukáš Krpálek sl... | 0 | ||
| 6. | V každé z otázek v tomto témat... | 0 | ||
| 7. | Filmy s premiérou v roce 2015. | 1 | ||
| 8. | Osoby narozené před rokem 1918... | 0 | ||
| 9. | Živočišné druhy v Orwellově Fa... | 0 | ||
| 10. | Obrazy Leonarda da Vinciho. | 0 |